00638cam a22002531 4500001001300000003000400013005001700017008004100034010001700075025001900092035002000111040002100131042001200152050001800164100001800182245001300200260001100213300002300224500001500247500005700262650002700319650002100346999001700367sa 64004524 DLC20260227112025.0940927s1962 ii 000 0 telo  asa 64004524  aPL480:I-Te-479 a(OCoLC)31187218 aDLCcCUdCUdDLC apremarc00aPL4780.8b.K50 aKīrtipriya.10aKalpana. c[1962] a135, ii p.c18 cm. aIn Telugu. aIncludes brief biographical sketches of the authors. 0aShort stories, Telugu. 0aAuthors, Telugu. c58564d58564